00458nam a2200157Ia 4500003000400000005001700004008004000021040001000061041001200071082001500083100005000098245005800148260004200206300001100248650004100259OSt20240408153836.0210210b1981 xxu||||| |||| 00| 0 eng d aALc  aEnglish a516.3 PILT aPILLAY (T K Manicavachagom) and NATARAJAN (T) aText book of analytical geometry: P2 three dimensions aMadrasbS Viswanathan Pvt. Ltd.c1981 aiv,184 aAnalytical geometry three dimensions